ბათუმის შოთა რუსთაველის სახელმწიფო უნივერსიტეტის ბიბლიოთეკა

მცირე პროზა ანუ ესეისტური ჩანაწერები (ბიბ.ჩანაწერი № 49935)

000 -LEADER
fixed length control field 00639nam a2200193Ia 4500
001 - CONTROL NUMBER
control field 16871
003 - CONTROL NUMBER IDENTIFIER
control field GE_BSU
008 - FIXED-LENGTH DATA ELEMENTS--GENERAL INFORMATION
fixed length control field 181216s||||||||xx |||||||||||||| ||und||
040 ## - CATALOGING SOURCE
Transcribing agency GE_BSU
080 ## - UNIVERSAL DECIMAL CLASSIFICATION NUMBER
Universal Decimal Classification number 821.353.1-4
100 ## - MAIN ENTRY--PERSONAL NAME
Personal name ბუაჩიძე, თენგიზ
245 ## - TITLE STATEMENT
Title მცირე პროზა ანუ ესეისტური ჩანაწერები
260 ## - PUBLICATION, DISTRIBUTION, ETC.
Place of publication, distribution, etc. თბილისი
260 ## - PUBLICATION, DISTRIBUTION, ETC.
Name of publisher, distributor, etc. მერანი
260 ## - PUBLICATION, DISTRIBUTION, ETC.
Date of publication, distribution, etc. 1986
300 ## - PHYSICAL DESCRIPTION
Extent 230გვ. ; 20სმ
653 ## - INDEX TERM--UNCONTROLLED
Uncontrolled term მცირე პროზა ანუ ესეისტური ჩანაწერები
942 ## - ADDED ENTRY ELEMENTS (KOHA)
Koha item type წიგნი
ეგზემპლარები
Withdrawn status Lost status Damaged status Not for loan Date acquired Barcode Date last seen Price effective from Koha item type
        2018-12-17 21881 2018-12-17 2018-12-17 წიგნი
        2018-12-17 21882 2018-12-17 2018-12-17 წიგნი